[Event "Vancouver Open"]
[Site "Vancouver, WA"]
[Date "2015.08.22"]
[Round "3"]
[White "Talyansky Seth  (OR)"]
[Black "Seitzer Phillip  (OR)"]
[Result "0-1"]
[WhiteElo "2017"]
[BlackElo "2191"]
[Annotator ""]
[Source ""]
[Remark "Open"]

1.e4 c5 2.Nf3 Nc6 3.d4 cxd4 4.Nxd4 e5 5.Nb5 d6 6.N1c3 a6 7.Na3
Be7 8.g3 Nf6 9.Bg2 b5 10.Nd5 O-O 11.O-O Rb8 12.c3 Nxd5 13.exd5
Na5 14.Nc2 f5 15.f4 e4 16.Nd4 Bf6 17.g4 Qb6 18.Re1 Bxd4+ 19.cxd4
g6 20.gxf5 gxf5 21.b3 Bb7 22.Bb2 Bxd5 23.Re3 Rb7 24.Rg3+ Rg7
25.Rxg7+ Kxg7 26.Kf2 Qd8 27.Qh5 Kh8 28.Bxe4 fxe4 29.Qxd5 Qh4+
30.Kg2 Qg4+ 0-1

[Event "Vancouver Open"]
[Site "Vancouver, WA"]
[Date "2015.08.22"]
[Round "3"]
[White "Prideaux Dave  (OR)"]
[Black "NIchols Paul  (WA)"]
[Result "1-0"]
[WhiteElo "1112"]
[BlackElo "719"]
[Annotator ""]
[Source ""]
[Remark "Reserve"]

1.e3 e5 2.Nc3 Nf6 3.e4 Nc6 4.Nf3 d6 5.Bb5 a6 6.Bxc6+ bxc6 7.O-O
Be6 8.d4 exd4 9.Nxd4 Qd7 10.Bf4 c5 11.Nxe6 fxe6 12.Qf3 Be7 13.e5
Nd5 14.Bg3 c6 15.Ne4 Rf8 16.Qh5+ Rf7 17.Qxh7 O-O-O 18.exd6 Nf6
19.Nxf6 Bxf6 20.c3 g5 21.Qd3 Kb7 22.c4 e5 23.Qb3+ Ka7 24.a4 Qxd6
25.Rfd1 Qc7 26.Qe3 Rxd1+ 27.Rxd1 Qe7 28.a5 e4 29.Bd6 Bd4 30.Rxd4
Qf6 31.Bxc5+ Kb8 32.Bd6+ Kc8 33.Bg3 Rd7 34.Rxd7 Kxd7 35.Qa7+
Ke6 36.h3 Qxb2 37.Qxa6 Qd4 38.Qxc6+ Ke7 39.a6 e3 40.fxe3 Qxe3+
41.Kh2 g4 42.Qc7+ Kf8 43.Qf4+ Qxf4 44.Bxf4 1-0

[Event "Vancouver Open"]
[Site "Vancouver, WA"]
[Date "2015.08.22"]
[Round "3"]
[White "Moore Michael  (OR)"]
[Black "Ramesh Jothi  (WA)"]
[Result "1/2-1/2"]
[WhiteElo "1568"]
[BlackElo "1830"]
[Annotator ""]
[Source ""]
[Remark "Open"]

1.Nf3 Nf6 2.g3 b6 3.Bg2 Bb7 4.O-O e6 5.d3 d5 6.Nbd2 Be7 7.e4
dxe4 8.Ng5 O-O 9.Ngxe4 Nxe4 10.Nxe4 Nd7 11.Nf6+ Bxf6 12.Bxb7
Rb8 13.Bg2 c5 14.f4 Qc7 15.c3 Rbd8 16.Qc2 e5 17.f5 c4 18.dxc4
Qxc4 19.Be3 Nc5 20.b3 Qd3 21.Qxd3 Rxd3 22.Bxc5 bxc5 23.c4 Rfd8
24.Bd5 Bg5 25.Kg2 Be3 26.Rad1 Rxd1 27.Rxd1 Bd4 28.Rf1 Kf8 29.Kf3
Rd6 30.Re1 a5 31.Re2 Rb6 32.Ke4 Ke7 33.g4 g6 34.fxg6 hxg6 35.g5
f5+ 36.gxf6+ Rxf6 37.Bb7 Rf4+ 38.Kd5 Kd7 39.Bc6+ Ke7 40.Rg2 Kf6
41.Re2 Ba1 42.Kd6 Rh4 43.Rg2 Bd4 44.Re2 1/2-1/2

[Event "Vancouver Open"]
[Site "Vancouver, WA"]
[Date "2015.08.22"]
[Round "3"]
[White "Mahajan Rushaan  (WA)"]
[Black "Richards Jerrold  (WA)"]
[Result "1-0"]
[WhiteElo "1253"]
[BlackElo "1397"]
[Annotator ""]
[Source ""]
[Remark "Reserve"]

1.e4 e6 2.d3 g6 3.Nf3 Bg7 4.c3 Nc6 5.g3 d6 6.Bg2 Nf6 7.Bg5 O-O
8.O-O Ne7 9.Qd2 c5 10.Na3 a6 11.Nc4 Rb8 12.Bxf6 Bxf6 13.Qf4 Bg7
14.Nxd6 e5 15.Nxe5 Qxd6 16.Nxg6 Qxf4 17.Nxe7+ Kh8 18.gxf4 Bd7
19.d4 Rfe8 20.Nd5 cxd4 21.c4 Bc6 22.Rad1 b5 23.Nc7 Re7 24.Nxa6
Ra8 25.Nb4 Bxe4 26.Rfe1 Rae8 27.Bxe4 Rxe4 28.Rxe4 Rxe4 29.cxb5
Rxf4 30.Nc6 d3 31.Rxd3 Bxb2 32.b6 Bf6 33.b7 Bh4 34.b8Q+ 1-0

[Event "Vancouver Open"]
[Site "Vancouver, WA"]
[Date "2015.08.22"]
[Round "3"]
[White "Hendricks David  (WA)"]
[Black "Yeo Joey  (WA)"]
[Result "1-0"]
[WhiteElo "1672"]
[BlackElo "1524"]
[Annotator ""]
[Source ""]
[Remark "Reserve"]

1.d4 Nf6 2.Bf4 d6 3.Nf3 g6 4.e3 Bg7 5.c4 Bf5 6.Nc3 O-O 7.h3 Nc6
8.a3 a6 9.Be2 Rc8 10.O-O Na7 11.b4 c6 12.Qb3 d5 13.c5 Nb5 14.Na4
Nc7 15.Nb6 Rb8 16.a4 Nd7 17.a5 e5 18.Nxe5 Nxb6 19.axb6 Ne6 20.Nxc6
bxc6 21.Bxb8 Qxb8 22.Rxa6 Ng5 23.Bg4 Bxg4 24.hxg4 Qc8 25.Qd3
Qxg4 26.Rfa1 Nf3+ 27.Kf1 Nh2+ 28.Ke1 Qxg2 29.Qe2 Nf3+ 30.Kd1
Bxd4 31.exd4 Nxd4 32.Qe3 Nf5 33.Qd2 Kg7 34.b7 Re8 35.Kc2 Qe4+
36.Kb2 Qc4 37.Qc3+ 1-0

[Event "Vancouver Open"]
[Site "Vancouver, WA"]
[Date "2015.08.22"]
[Round "3"]
[White "Zhang Gavin  (OR)"]
[Black "Lee Nathan Y  (WA)"]
[Result "0-1"]
[WhiteElo "1787"]
[BlackElo "2162"]
[Annotator ""]
[Source ""]
[Remark "Open"]

1.e4 c5 2.c3 d5 3.exd5 Qxd5 4.d4 Nc6 5.Nf3 e6 6.Be2 Nf6 7.Be3
cxd4 8.cxd4 Be7 9.Nc3 Qd6 10.O-O O-O 11.a3 a6 12.Qc2 b5 13.Rac1
Bb7 14.Rfd1 h6 15.Qb1 Rac8 16.Ne1 Na5 17.Bf3 Bxf3 18.Nxf3 Nc4
19.Nd2 Rfd8 20.Nxc4 Rxc4 21.Ne4 Nxe4 22.Qxe4 Bf6 23.Rxc4 bxc4
24.Rd2 Qd5 25.Qxd5 exd5 26.Kf1 g5 27.h4 Kg7 28.hxg5 hxg5 29.Ke2
Kg6 30.g4 Rb8 31.Kd1 Bg7 32.Kc2 f5 33.gxf5+ Kxf5 34.Rd1 Rb3 35.Rg1
Bf6 36.Rd1 g4 37.Re1 Rd3 38.Rd1 Rxd1 39.Kxd1 Ke4 40.Ke2 Bxd4
41.Bc1 Be5 0-1

[Event "Vancouver Open"]
[Site "Vancouver, WA"]
[Date "2015.08.22"]
[Round "3"]
[White "Petrov Oscar  (WA)"]
[Black "Haining Kyle  (WA)"]
[Result "0-1"]
[WhiteElo "1788"]
[BlackElo "2155"]
[Annotator ""]
[Source ""]
[Remark "Open"]

1.e4 g6 2.d4 Bg7 3.c4 d6 4.h3 Nf6 5.Nc3 O-O 6.Bg5 c5 7.dxc5 Qa5
8.Bd2 dxc5 9.Bd3 Nc6 10.Nce2 Nb4 11.Qb3 Nxd3+ 12.Qxd3 Rd8 13.Qe3
Qa6 14.Nf3 Qxc4 15.Ng3 b6 16.Qb3 Qxb3 17.axb3 Bb7 18.e5 Nd7 19.Bc3
Bxf3 20.gxf3 Nxe5 21.Ke2 Rd7 22.Rhd1 Rad8 23.Rxd7 Rxd7 24.Rg1
Nd3 25.Rd1 Nf4+ 26.Ke1 Rxd1+ 27.Kxd1 Nxh3 28.Ke2 Ng1+ 29.Ke3
h5 30.Nf1 Bh6+ 31.f4 Nh3 32.Be5 f6 33.Bb8 e5 34.Bxa7 Nxf4 35.Ke4
b5 36.Bxc5 Kf7 37.b4 Ke6 38.Ne3 f5+ 39.Kf3 h4 40.Nxf5 Kxf5 41.Bd4
e4+ 42.Ke3 h3 43.f3 h2 44.b3 h1Q 45.Be5 Qxf3+ 46.Kd4 Qd3+ 47.Kc5
Qd5+ 48.Kb6 Kxe5 49.Ka5 Qd7 50.Kb6 Nd5+ 51.Kc5 Bf8# 0-1

[Event "Vancouver Open"]
[Site "Vancouver, WA"]
[Date "2015.08.22"]
[Round "3"]
[White "Lin Mu  (OR)"]
[Black "Brown Nicholas  (OR)"]
[Result "1-0"]
[WhiteElo "1650"]
[BlackElo "1461"]
[Annotator ""]
[Source ""]
[Remark "Reserve"]

1.e4 g6 2.d4 Bg7 3.Nf3 d6 4.c4 Nf6 5.Nc3 O-O 6.Be2 Nbd7 7.O-O
e5 8.d5 Nc5 9.Qc2 a5 10.Ne1 Ne8 11.Be3 b6 12.Nd3 f5 13.f3 f4
14.Bf2 g5 15.a3 h5 16.b4 Nxd3 17.Qxd3 g4 18.c5 axb4 19.axb4 Rxa1
20.Rxa1 bxc5 21.bxc5 Qg5 22.Ra8 Nf6 23.fxg4 Bxg4 24.Rxf8+ Bxf8
25.c6 h4 26.h3 f3 27.hxg4 fxe2 28.Qxe2 Nxg4 29.Be1 Qf4 30.Qf3
Bh6 31.Qxf4 Bxf4 32.Bxh4 Be3+ 33.Kf1 Bb6 34.Bd8 Ne3+ 35.Ke2 Nc2
36.Nb5 Nd4+ 37.Nxd4 exd4 38.Kd3 Kf7 39.Bh4 1-0

[Event "Vancouver Open"]
[Site "Vancouver, WA"]
[Date "2015.08.22"]
[Round "3"]
[White "Cigan Jason  (OR)"]
[Black "Hartley Alan  (OR)"]
[Result "1-0"]
[WhiteElo "2156"]
[BlackElo "1850"]
[Annotator ""]
[Source ""]
[Remark "Open"]

1.e4 e6 2.d4 d5 3.Nc3 Bb4 4.e5 Ne7 5.a3 Bxc3+ 6.bxc3 c5 7.Qg4
Kf8 8.Qd1 Qa5 9.Bd2 Qa4 10.Qb1 c4 11.h4 Nbc6 12.Ne2 f6 13.exf6
gxf6 14.Ng3 b6 15.Qd1 h6 16.Qh5 Kg7 17.Qg4+ Kf7 18.Nh5 Rg8 19.Qf3
Rg6 20.Nf4 Rg8 21.Qh5+ Ng6 22.Qxh6 Nxf4 23.Qxf4 Qxc2 24.Be2 e5
25.Bh5+ Ke7 26.dxe5 Nxe5 27.O-O Bh3 28.Kh2 Qf5 29.Qxf5 Bxf5 30.Be2
Rh8 31.g3 Bd3 32.Rfe1 Bxe2 33.Rxe2 Kd7 34.Kg2 Rag8 35.Rh1 Rg4
36.f3 Rgg8 37.g4 Nxg4 38.fxg4 Rxg4+ 39.Kf3 Rgxh4 40.Rhe1 Rh3+
41.Kf4 R8h5 42.Re7+ Kd8 43.Rxa7 R3h4+ 44.Kf3 Rh3+ 45.Ke2 Re5+
46.Kd1 Rxe1+ 47.Bxe1 b5 48.Rb7 d4 49.Rxb5 dxc3 50.Kc2 Rh2+ 51.Kxc3
Rh3+ 52.Kxc4 Rxa3 53.Kd5 Ke8 54.Bb4 Ra1 55.Rb8+
{( I think a move may be missing, as this move on the scoresheet is accompanied
with #.  Since that is not so, unless preceded by Ke6, there must have been at
least one more move pair or a really good selling job.)} 1-0

[Event "Vancouver Open"]
[Site "Vancouver, WA"]
[Date "2015.08.22"]
[Round "3"]
[White "Murray David E  (OR)"]
[Black "Yeo Noah  (WA)"]
[Result "1/2-1/2"]
[WhiteElo "1842"]
[BlackElo "1827"]
[Annotator ""]
[Source ""]
[Remark "Open"]

1.c4 b6 2.Nc3 Bb7 3.d4 Nf6 4.Bg5 d6 5.Bxf6 gxf6 6.e4 Nd7 7.Nf3
c5 8.d5 Ne5 9.Nxe5 fxe5 10.Qa4+ Qd7 11.Nb5 Kd8 12.Qb3 Ba6 13.Qf3
Bxb5 14.cxb5 Qe8 15.Bc4 Bh6 16.O-O Qf8 17.Rfd1 Rg8 18.a4 Rg6
19.a5 Rf6 20.Qh3 Kc7 21.Ra3 bxa5 22.Rxa5 Bf4 23.g3 Rh6 24.Qf1
Rh5 25.gxf4 Qh6 26.Qg2 exf4 27.Qf3 Rh3 28.Qg4 Rh4 29.Qg2 Rh5
30.Be2 Rg5 31.Bg4 Qh4 32.f3 h5 33.h3 hxg4 34.hxg4 Rgg8 35.b4
Qf6 36.Qc2 Qh4 37.bxc5 Qg3+ 38.Qg2 Qxg2+ 39.Kxg2 dxc5 40.Ra6
Kb7 41.Rc6 Rgc8 42.Kf2 Rxc6 43.dxc6+ Kb6 44.Rd7 Kxb5 45.Rxe7
a5 46.Rxf7 a4 47.Rb7+ Kxc6 48.Rb1 c4 49.Ke2 Kc5 50.Ra1 a3 51.g5
a2 52.g6 Ra7 53.Kf2 Kd4 54.g7 Rxg7 55.Rxa2 Kd3 56.Ra8 Rd7 57.Rc8
Kd2 58.e5 c3 59.e6 Re7 60.Rd8+ Kc1 61.Rd6 c2 62.Ke2 Kb2 63.Rb6+
Kc3 64.Rc6+ Kb2 65.Kd2 Rxe6 66.Rxc2+ Kb3 67.Rc3+ Kb4 1/2-1/2

[Event "Vancouver Open"]
[Site "Vancouver, WA"]
[Date "2015.08.22"]
[Round "3"]
[White "Raptis Nick  (OR)"]
[Black "Schill William  (WA)"]
[Result "1-0"]
[WhiteElo "2363"]
[BlackElo "2281"]
[Annotator ""]
[Source ""]
[Remark "Open"]

1.d4 Nf6 2.Nf3 g6 3.Bf4 d6 4.e3 Bg7 5.h3 c5 6.c3 O-O 7.Nbd2 Nc6
8.Be2 Be6 9.O-O Qb6 10.Qc1 Nd5 11.Bg5 h6 12.dxc5 Qxc5 13.Bh4
Qb6 14.Nb3 Nf6 15.Nbd4 Bd7 16.Qc2 Rac8 17.Qb3 Qxb3 18.axb3 a6
19.b4 Rfe8 20.Nxc6 Bxc6 21.Bxf6 Bxf6 22.Nd4 Bxd4 23.exd4 e5 24.d5
Bxd5 25.Rfd1 Bb3 26.Rxd6 Rcd8 27.Rxd8 Rxd8 28.Bf3 Rd7 29.Ra5
f6 30.b5 Bc4 31.bxa6 bxa6 32.Rc5 Bd3 33.Bd5+ Kf8 34.c4 Ke7 35.b4
Rd6 36.Bc6 Rd4 37.Bd5 Be4 38.Rc7+ Ke8 39.Bxe4 Rxe4 40.f3 Rd4
41.Kf2 Rd2+ 42.Ke3 Rb2 43.Ke4 Rd2 44.g4 Rd4+ 45.Ke3 g5 46.b5
axb5 47.cxb5 Rb4 48.Rb7
{(There are four more rather indecipherable move pairs on the scoresheet.
Handwriting seems to have deteriorated, perhaps during time pressure.  Although
the current positioin is fairly even (+0.30), there may have been other moves
beyond the four unreadable ones before the final outcome was reached.)}
 1-0

[Event "Vancouver Open"]
[Site "Vancouver, WA"]
[Date "2015.08.22"]
[Round "3"]
[White "Huang Patrtick  (CAN)"]
[Black "Deng Samuel  (WA)"]
[Result "1/2-1/2"]
[WhiteElo "1836"]
[BlackElo "1613"]
[Annotator ""]
[Source ""]
[Remark "Open"]

1.e4 c6 2.d4 d5 3.Nc3 dxe4 4.Nxe4 Nd7 5.Nf3 Ngf6 6.Bd3 Nxe4 7.Bxe4
Nf6 8.Bd3 Bg4 9.c3 Qc7 10.Bg5 Nd5 11.Qd2 e6 12.Ne5 Bh5 13.g4
Bg6 14.Nxg6 hxg6 15.O-O-O Bd6 16.h4 Nf4 17.Kb1 Nxd3 18.Qxd3 Be7
19.Qe3 Bxg5 20.Qxg5 Qe7 21.Qxe7+ Kxe7 22.f4 Rh7 23.Rd3 Rah8 24.Rdh3
Kd6 25.Kc2 Kd5 26.Kd3 b5 27.b4 a5 28.a3 Ra8 29.R3h2 Rh6 30.Rh3
axb4 31.axb4 Kd6 32.R3h2 Ra3 33.h5 Ra8 34.g5 Rxh5 35.Rxh5 gxh5
36.Rxh5 Ra1 37.Rh7 Rf1 38.Ke3 Rc1 39.Rxg7 Ke7 40.Kd2 Rf1 41.Ke3
Rc1 42.Kd3 Rf1 43.g6 Rxf4 44.Rxf7+ Rxf7 45.gxf7 Kxf7 46.Ke4 Ke7
47.Ke5 Kd7 48.Ke4 Kd6 49.Ke3 Kd5 50.Kd3 e5 51.dxe5 Kxe5 52.Ke3
Kd5 53.Kd3 Ke5 1/2-1/2

[Event "Vancouver Open"]
[Site "Vancouver, WA"]
[Date "2015.08.22"]
[Round "3"]
[White "Dietz Arliss  (OR)"]
[Black "Stump Karl  (WA)"]
[Result "0-1"]
[WhiteElo "1505"]
[BlackElo "1651"]
[Annotator ""]
[Source ""]
[Remark "Reserve"]

1.e4 c5 2.Nf3 Nc6 3.d4 cxd4 4.Nxd4 Nf6 5.Nc3 d6 6.Be2 g6 7.O-O
Bg7 8.Kh1 O-O 9.f3 Bd7 10.b3 Nxd4 11.Qxd4 Nxe4 12.Qxe4 Bxc3 13.Rb1
Be5 14.Qxb7 a5 15.Bd3 e6 16.Qe4 Rc8 17.c4 Bc6 18.Qe2 Qh4 19.g4
Qxg4 20.Bb2 Bxb2 21.Rxb2 e5 22.Qe3 f5 23.Rg2 Qf4 24.Qxf4 exf4
25.Re2 Rce8 26.Kg2 Re3 27.Rxe3 fxe3 28.Be2 g5 29.Rd1 Rf6 30.Kg3
f4+ 31.Kg4 h6 32.Kh3 Kf7 33.a3 Ke6 34.b4 axb4 35.axb4 Rf8 36.Kg2
Ra8 37.Kf1 Ke5 38.h4 gxh4 39.Kg2 Ra2 40.Re1 Kd4 41.Kh3 Kc3 42.b5
Bb7 43.Kg2 h3+ 44.Kxh3 Kd2 45.Rg1 Kxe2 46.Rg2+ Kxf3 47.Rxa2 e2
48.Ra1 Kf2 0-1

[Event "Vancouver Open"]
[Site "Vancouver, WA"]
[Date "2015.08.22"]
[Round "3"]
[White "Haining Breck  (WA)"]
[Black "Yoshinaga David  (OR)"]
[Result "0-1"]
[WhiteElo "1329"]
[BlackElo "1700"]
[Annotator ""]
[Source ""]
[Remark "Reserve"]

1.e4 c5 2.Nf3 f5 3.e5 d5 4.exd6 exd6 5.d3 Nf6 6.Be3 Nc6 7.Be2
d5 8.O-O Bd6 9.h3 O-O 10.Qd2 Qc7 11.c3 f4 12.Bxc5 Bxc5 13.d4
Bd6 14.Bd3 Ne4 15.Qc2 Bf5 16.Nbd2 Nxd2 17.Qxd2 Bxd3 18.Qxd3 Rae8
19.Rfe1 Nb8 20.Ng5 Rxe1+ 21.Rxe1 g6 22.Re6 Rf5 23.Re8+ Bf8 24.Rxf8+
Rxf8 25.Ne6 Qf7 26.Nxf8 Kxf8 27.Qe2 Nd7 28.f3 Qe7 29.Kf2 Qxe2+
30.Kxe2 Kf7 31.b3 Kf6 32.c4 dxc4 33.bxc4 Nb6 34.Kd3 g5 35.c5
Nd5 36.Ke4 Nc3+ 37.Kd3 Nxa2 38.Kc4 Ke6 39.d5+ Kd7 40.Kb5 Nc3+
41.Kc4 Nd1 42.Kb5 Ne3 43.c6+ bxc6+ 44.dxc6+ Kc7 45.Ka6 Kxc6 46.Kxa7
Nxg2 47.Kb8 Ne1 0-1

[Event "Vancouver Open"]
[Site "Vancouver, WA"]
[Date "2015.08.23"]
[Round "4"]
[White "Haining Kyle  (WA)"]
[Black "Nagase Toshihiro  (WA)"]
[Result "1-0"]
[WhiteElo "2155"]
[BlackElo "1989"]
[Annotator ""]
[Source ""]
[Remark "Open"]

1.e4 e6 2.d4 d5 3.Nd2 dxe4 4.Nxe4 Be7 5.Nf3 Nf6 6.Nxf6+ Bxf6
7.c3 b6 8.Bb5+ Bd7 9.Bd3 Bc6 10.Qe2 O-O 11.Bf4 Nd7 12.O-O-O Bxf3
13.Qxf3 Bg5 14.Be3 Bxe3+ 15.fxe3 Qe7 16.h4 e5 17.Kb1 a6 18.g4
b5 19.g5 Rae8 20.Qg3 c5 21.Bf5 Nb6 22.d5 Qd6 23.h5 Nc4 24.e4
Qb6 25.g6 fxg6 26.hxg6 h6 27.Be6+ Rxe6 28.dxe6 Qxe6 29.b3 Nb6
30.Rh5 Nd7 31.Rh2 Qc6 32.Re2 c4 33.Kb2 Nc5 34.Kc2 Nd3 35.Kb1
a5 36.Qe3 Qxg6 37.Rg1 Qf6 38.Reg2 Rf7 39.Rg6 Qf4 40.Qh3 Qxe4
41.Qc8+ Kh7 42.Rxh6+ 1-0

[Event "Vancouver Open"]
[Site "Vancouver, WA"]
[Date "2015.08.23"]
[Round "4"]
[White "Rhoades Alan  (OR)"]
[Black "Zhang Gavin  (OR)"]
[Result "1-0"]
[WhiteElo "1665"]
[BlackElo "1787"]
[Annotator ""]
[Source ""]
[Remark "Open"]

1.Nf3 c5 2.c4 Nc6 3.d4 cxd4 4.Nxd4 g6 5.Na3 Bg7 6.Nac2 Nf6 7.g3
e5 8.Nb5 d5 9.cxd5 Qa5+ 10.Nc3 Ne7 11.b4 Qd8 12.e4 O-O 13.Ne3
Bd7 14.Nc4 Ne8 15.Be3 b6 16.b5 Nc8 17.f3 Ned6 18.Nxd6 Nxd6 19.a4
f5 20.Be2 Rc8 21.Qb3 Rc7 22.O-O Rxc3 23.Qxc3 fxe4 24.fxe4 Rxf1+
25.Bxf1 Nxe4 26.Qb4 Nf6 27.Bg5 Bf8 28.d6 Be6 29.Rd1 Kg7 30.Bg2
h6 31.Bxf6+ Qxf6 32.Qc3 Bf5 33.Qc7+ Kg8 34.d7 1-0

[Event "Vancouver Open"]
[Site "Vancouver, WA"]
[Date "2015.08.23"]
[Round "4"]
[White "Patel Kian  (OR)"]
[Black "Murray David E  (OR)"]
[Result "0-1"]
[WhiteElo "1756"]
[BlackElo "1842"]
[Annotator ""]
[Source ""]
[Remark "Open"]

1.Nf3 d5 2.b3 Bf5 3.Bb2 Nd7 4.e3 Ngf6 5.d3 h6 6.Nbd2 e6 7.Be2
Be7 8.Ne5 O-O 9.f4 Ne8 10.Bh5 Nxe5 11.fxe5 Rc8 12.O-O c5 13.Qe2
f6 14.e4 Bh7 15.exf6 Nxf6 16.e5 Nxh5 17.Qxh5 Qb6 18.Kh1 Qc7 19.Qh3
Bf5 20.g4 Bh7 21.Qg3 b5 22.a4 c4 23.bxc4 dxc4 24.Ne4 Bxe4+ 25.dxe4
b4 26.Bd4 c3 27.Qd3 Rfd8 28.Qe3 Bg5 29.Qf2 Qb7 30.Rfe1 Rc4 31.Bxa7
Rxe4 32.Rxe4 Qxe4+ 33.Qg2 Qxg2+ 34.Kxg2 Rd2+ 35.Kf3 Rxc2 36.Be3
b3 0-1

[Event "Vancouver Open"]
[Site "Vancouver, WA"]
[Date "2015.08.23"]
[Round "4"]
[White "Brown Nicholas  (OR)"]
[Black "Mahajan Rushaan  (WA)"]
[Result "1-0"]
[WhiteElo "1461"]
[BlackElo "1253"]
[Annotator ""]
[Source ""]
[Remark "Reserve"]

1.Nf3 Nf6 2.g3 g6 3.Bg2 Bg7 4.O-O O-O 5.d3 d6 6.e4 e5 7.Nbd2
Nc6 8.c3 h6 9.Nc4 Be6 10.Ne3 Qd7 11.h4 Ne7 12.Nh2 Rae8 13.Bd2
c6 14.Qe2 d5 15.f3 Nh5 16.Kf2 Rd8 17.Rfd1 f5 18.exf5 Nxf5 19.g4
Nxe3 20.Bxe3 Bxg4 21.Qd2 Kh7 22.Bxa7 Qe7 23.Nxg4 Qxh4+ 24.Kg1
Qg3 25.Bf2 Qf4 26.Be3 Qf5 27.Bxh6 Nf4 28.Bxf4 Qxf4 29.Qxf4 Rxf4
30.Kf2 Rdf8 31.Rh1+ Kg8 32.Nh6+ Bxh6 33.Rxh6 g5 34.Rg6+ Kh7 35.Rxg5
e4 36.Rh1+ 1-0

[Event "Vancouver Open"]
[Site "Vancouver, WA"]
[Date "2015.08.23"]
[Round "4"]
[White "Richards Jerrold  (WA)"]
[Black "Nichols William  (WA)"]
[Result "0-1"]
[WhiteElo "1397"]
[BlackElo "831"]
[Annotator ""]
[Source ""]
[Remark "Reserve"]

1.c4 g6 2.g3 c6 3.Bg2 Bg7 4.Nf3 Nf6 5.Nc3 O-O 6.O-O d5 7.cxd5
cxd5 8.d3 d4 9.Nb5 Nc6 10.Bf4 Nd5 11.Bd2 Qb6 12.Qb3 Be6 13.Ng5
Ne3 14.Nxe6 Nxf1 15.Kxf1 fxe6 16.Qxe6+ Kh8 17.Qc4 Rac8 18.Rc1
Nb8 19.Qxc8 Rxc8 20.Rxc8+ Bf8 21.Bh6 Nd7 22.a4 g5 23.Bxg5 Kg7
24.Rc7 Nf6 25.Rxb7 Qe6 26.Nxd4 Qe5 27.Nf3 Qc5 28.Rb5 Qc8 29.Nh4
h6 30.Bf4 a6 31.Rb8 Qg4 32.Be3 Kf7 33.b4 Qe6 34.b5
{At this point, White appears to have a significant advantage.  I have no more
moves and am only mildly sure I deciphered all the previous moves correctly.
All I can presume is that a blunder in time pressure, or just simply running out of time, lead to White's demise.}
 0-1

[Event "Vancouver Open"]
[Site "Vancouver, WA"]
[Date "2015.08.23"]
[Round "4"]
[White "Tang Philip  (WA)"]
[Black "Deng Samuel  (WA)"]
[Result "0-1"]
[WhiteElo "692"]
[BlackElo "1613"]
[Annotator ""]
[Source ""]
[Remark "Extra Game"]

1.e4 c6 2.d4 d5 3.Nc3 dxe4 4.Nxe4 Nd7 5.Nf3 Ngf6 6.Nxf6+ Nxf6
7.Be2 Bg4 8.Qd2 e6 9.O-O Bd6 10.c3 O-O 11.Qd1 Qc7 12.g3 h6 13.Bd2
c5 14.dxc5 Bxc5 15.b4 Bd6 16.a3 e5 17.Nh4 Be6 18.Bf3 e4 19.Be2
Rab8 20.Be3 a6 21.Rc1 Rfd8 22.Qe1 b5 23.Ng2 Be5 24.Nf4 Bc4 25.Bxc4
Qxc4 26.Ne2 Rd3 27.Bd2 Nh5 28.Rc2 Rc8 29.Qa1 Nf6 30.Rfc1 Nd5
31.Qb2 Qc6 32.Qb3 Qf6 33.Qb2 h5 34.Rf1 h4 35.Rcc1 h3 36.f4 exf3 0-1

[Event "Vancouver Open"]
[Site "Vancouver, WA"]
[Date "2015.08.23"]
[Round "4"]
[White "Romero Henry  (OR)"]
[Black "Allen Robert  (WA)"]
[Result "1/2-1/2"]
[WhiteElo "1321"]
[BlackElo "1700"]
[Annotator ""]
[Source ""]
[Remark "Reserve"]

1.e4 c5 2.Nf3 d6 3.d4 cxd4 4.Nxd4 Nf6 5.Nc3 g6 6.Be3 Bg7 7.Bc4
O-O 8.f3 Nc6 9.Qd2 Bd7 10.O-O-O Rc8 11.Bb3 Ne5 12.h4 h5 13.Bh6
Kh7 14.Bxg7 Kxg7 15.Nd5 Nxd5 16.Bxd5 Qb6 17.g4 Rh8 18.gxh5 Rxh5
19.Rdg1 Rch8 20.f4 Ng4 21.f5 Ne5 22.fxg6 fxg6 23.Nf5+ Bxf5 24.exf5
Rxf5 25.Be4 Rfh5 26.Qg2 R8h6 27.Bxb7 Rxh4 28.Rxh4 Rxh4 29.Rh1
Rg4 30.Qd5 Qe3+ 31.Qd2 Rg1+ 32.Rxg1 Qxg1+ 33.Qd1 Qxd1+ 34.Kxd1
Kf6 35.Kd2 g5 36.b4 g4 37.a4 Kf5 38.a5 Kf4 39.a6 g3 40.Bg2 Nc4+
41.Ke2 e5 42.Kd3 Nb6 43.c4 Na4 44.Kc2 Ke3 45.Kb3 Kf2 46.Be4 Nb6
47.c5 dxc5 48.bxc5 Nc8 49.Kc4 Ke3 50.Kd5 Kf4 51.Bg2 Kf5 52.Bh3+
Kf6 53.Ke4 Ne7 54.Kf3 Nf5 55.Bxf5 Kxf5 56.Kxg3 Ke6 57.Kg4 Kd5
58.Kf5 e4 59.c6 Kxc6 60.Kxe4 1/2-1/2

[Event "Vancouver Open"]
[Site "Vancouver, WA"]
[Date "2015.08.23"]
[Round "4"]
[White "Hisel David  (WA)"]
[Black "Hitchcock Brandon  (WA)"]
[Result "1-0"]
[WhiteElo "1381"]
[BlackElo "1262"]
[Annotator ""]
[Source ""]
[Remark "Reserve"]

1.e4 e6 2.d4 d5 3.exd5 exd5 4.Nf3 Nf6 5.Bg5 Be7 6.Bd3 O-O 7.O-O
Ne4 8.Bxe7 Qxe7 9.Re1 Re8 10.Nbd2 f5 11.c4 c6 12.Qb3 Be6 13.Qc2
Bf7 14.Ne5 Nxd2 15.Qxd2 Nd7 16.Bxf5 Nxe5 17.Rxe5 Qf6 18.Rae1
dxc4 19.Bd7 Rxe5 20.dxe5 Qd8 21.e6 Be8 22.Qd6 Qa5 23.Ra1 Qd5
24.Qe7 Qh5 25.f3 b6 26.Rd1 Qc5+ 27.Qxc5 bxc5 28.Rc1 Bxd7 29.exd7
Rd8 30.Rxc4 Rxd7 31.Rc2 h6 32.Kf2 Rd4 33.Ke3 Rd5 34.Rc4 Rh5 35.h3
Rd5 36.Ra4 g5 37.Rxa7 Re5+ 38.Kf2 1-0

[Event "Vancouver Open"]
[Site "Vancouver, WA"]
[Date "2015.08.23"]
[Round "4"]
[White "Bjorksten Lennart  (OR)"]
[Black "Nicoski Aaron  (WA)"]
[Result "1-0"]
[WhiteElo "2185"]
[BlackElo "1833"]
[Annotator ""]
[Source ""]
[Remark "Open"]

1.d4 Nf6 2.c4 e5 3.dxe5 Ng4 4.Nf3 Nc6 5.Bf4 Bb4+ 6.Nbd2 Qe7 7.e3
Ngxe5 8.Be2 O-O 9.O-O Bxd2 10.Qxd2 d6 11.Nd4 Re8 12.Rfe1 Bd7
13.Rad1 Rad8 14.Qc3 Ng6 15.Bg3 Nce5 16.Qa5 b6 17.Qxa7 Bg4 18.Bxg4
Ra8 19.Qb7 Nxg4 20.a3 Nf6 21.Nb5 Rac8 22.Rd4 Ne4 23.f3 Nxg3 24.hxg3
Nf8 25.Re4 Ne6 26.Qc6 Qg5 27.Kf2 Qc5 28.Qd5 c6 29.Qxc5 Nxc5 30.Nxd6
Nxe4+ 31.fxe4 Rcd8 32.Nxe8 Rxe8 33.Rd1 g6 34.Rd6 Re6 35.Rxe6
fxe6 36.e5 Kf7 37.Ke2 Ke7 38.a4 c5 39.Kd3 Kd7 40.Kc3 Kc7 41.b4
Kc6 42.Kb3 g5 43.g4 Kb7 44.a5 bxa5 45.bxa5 Ka7 46.Ka4 1-0

[Event "Vancouver Open"]
[Site "Vancouver, WA"]
[Date "2015.08.23"]
[Round "4"]
[White "Huang Andy  (WA)"]
[Black "Dietz Arliss  (OR)"]
[Result "0-1"]
[WhiteElo "1292"]
[BlackElo "1505"]
[Annotator ""]
[Source ""]
[Remark "Reserve"]

1.e4 c6 2.d4 d5 3.Nc3 dxe4 4.Nxe4 Bf5 5.f3 e6 6.Bc4 Bxe4 7.fxe4
Qh4+ 8.Kf1 Qxe4 9.Nf3 Be7 10.Bg5 Bxg5 11.Nxg5 Qf4+ 12.Nf3 Nf6
13.g3 Qd6 14.Kg2 O-O 15.Rf1 Nbd7 16.Kg1 Nb6 17.Bb3 Nbd5 18.Bxd5
exd5 19.Qd3 Ne4 20.Nd2 f5 21.Nxe4 fxe4 22.Qe3 Rad8 23.Rxf8+ Rxf8
24.c4 Qf6 25.cxd5 cxd5 26.Rc1 Qd6 27.Qb3 b6 28.Qa4 Qf6 29.Qc2
Qxd4+ 30.Kg2 h6 31.Rd1 Qe5 32.Qb3 Rd8 33.Qb5 e3 34.Re1 Qe4+ 35.Kg1
Rf8 36.Qb3 Rf2 37.Qxe3 Qg2# 0-1

[Event "Vancouver Open"]
[Site "Vancouver, WA"]
[Date "2015.08.23"]
[Round "4"]
[White "Varner Murlin  (WA)"]
[Black "Haining Breck (WA)"]
[Result "0-1"]
[WhiteElo "1624"]
[BlackElo "1329"]
[Annotator ""]
[Source ""]
[Remark "Reserve"]

1.c4 g6 2.Nc3 Bg7 3.g3 d6 4.Bg2 Nf6 5.Nf3 Nc6 6.O-O O-O 7.d4
Rb8 8.a3 a6 9.b4 Bd7 10.Bb2 Qc8 11.Re1 Bh3 12.Rb1 Bxg2 13.Kxg2
b5 14.c5 Rd8 15.Qc2 Qb7 16.Kg1 dxc5 17.dxc5 Ng4 18.h3 Nge5 19.Rbd1
Nxf3+ 20.exf3 Nd4 21.Qe4 {?} Nxf3+ 22.Kf1 Qxe4 23.Nxe4 Bxb2 24.Rxd8+
Rxd8 25.Re3 Nd2+ 26.Nxd2 Rxd2 27.Rxe7 Bxa3 28.Rxc7 Bxb4 29.c6
Kg7 30.Ra7 a5 31.Rb7 Rc2 32.c7 Bd6 33.Rxb5 Bxc7 34.Rb7 Bd8 35.Rd7
Bf6 36.f4 a4 37.Ra7 Ra2 38.Ke1 a3 39.Kd1 Bb2 40.Kc2 Ra1 41.Ra4
Rg1 42.g4 Rh1 43.f5 Rxh3 44.fxg6 hxg6 45.Kb1 Rg3 46.Ka2 Rg2 47.Kb1
g5 48.Ka2 Rf2 49.Ra5 Bc3+ 0-1

[Event "Vancouver Open"]
[Site "Vancouver, WA"]
[Date "2015.08.23"]
[Round "4"]
[White "Hendricks David  (WA)"]
[Black "Stump Karl  (WA)"]
[Result "1-0"]
[WhiteElo "1672"]
[BlackElo "1651"]
[Annotator ""]
[Source ""]
[Remark "Reserve"]

1.e4 c5 2.Nf3 Nc6 3.d4 cxd4 4.Nxd4 Nf6 5.Nc3 e5 6.Nf3 Bb4 7.Bg5
Qa5 8.Bd2 O-O 9.Bd3 d6 10.h3 Be6 11.O-O d5 12.Nxd5 Nxd5 13.exd5
Qxd5 14.Re1 f5 15.Bxb4 Nxb4 16.Rxe5 Qd6 17.Qe2 Rae8 18.Rxe6 Rxe6
19.Bc4 Nd5 20.Qd3 Rd8 21.Rd1 Kh8 22.Qxd5 Qxd5 23.Rxd5 Rxd5 24.Bxd5
Re2 25.Bb3 g6 26.Kf1 Re7 27.Bd5 Kg7 28.c4 b6 29.Nd4 Kf6 30.Nc6
Rd7 31.f4 b5 32.Ne5 Rd6 33.b3 bxc4 34.bxc4 g5 35.g3 h5 36.h4
gxf4 37.gxf4 Ra6 38.c5 Ra5 39.Kf2 Ra3 40.Bb3 Ra5 41.Ke3 Rb5 42.c6
Ke7 43.Kd4 Kd6 44.Nf7+ Kc7 45.Bd5 Rb2 46.Nh6 Rf2 47.Ke5 Re2+
48.Kxf5 Rh2 49.Kg5 Rd2 50.Bb3 Kxc6 51.Kxh5 Rg2 52.Ng4 Kd6 53.Kg5
Ke7 54.h5 Kf8 55.h6 Rg3 56.f5 Rg2 57.f6 Rg3 58.h7 Rh3 59.Nh6
Rg3+ 60.Kf4 1-0